Normal view
MARC view
- Guariso, Giorgio
Entry Personal Name
001 - CONTROL NUMBER
- control field: 7714
003 - CONTROL NUMBER IDENTIFIER
- control field: OSt
005 - DATE AND TIME OF LATEST TRANSACTION
- control field: 20250812160033.0
008 - FIXED-LENGTH DATA ELEMENTS
- fixed length control field: 250812|| aca||aabn | a|a d
040 ## - CATALOGING SOURCE
- Original cataloging agency: OSt
- Transcribing agency: OSt
100 ## - HEADING--PERSONAL NAME
- Personal name: Guariso, Giorgio
670 ## - SOURCE DATA FOUND
- Source citation: Work cat.: (OSt)2465: Whittington, Dale . 7713, Water management models in practice: A case study of the Aswan high dam / , 1983.
